TOP 10 Countries in: Opium Production - Statistics

General Stats
  • This quiz has been taken 261 times
  • The average score is 7 of 10
Answer Stats
Cultivated Hectares Rank Country % Correct
223,500 1 Afghanistan
89%
11,800 4 India
87%
2,250 6 Pakistan
86%
95 8 Iran
77%
80 10 Thailand
64%
14,340 3 Mexico
63%
55,800 2 Myanmar
59%
285 7 Colombia
57%
6,120 5 Laos
54%
90 9 Turkey
50%
No matching quizzes found
Score Distribution
Percent of People with Each Score
Percentile by Number Answered
Your Score History
You have not taken this quiz